000 00874nam a2200265 i 4500
001 bg
100 1 _aŚliwczyński, Bogusław.
245 1 0 _aPlanowanie logistyczne :
_bpodręcznik do kształcenia w zawodzie technik logistyk /
_cBogusław Śliwczyński.
260 _aPoznań :
_bInstytut Logistyki i Magazynowania,
_c2007.
300 _a377 s. :
_brys., wykr. ;
_c24 cm.
490 1 _aBiblioteka Logistyka
504 _aBibliogr. s. 377.
650 9 _aLogistyka gospodarcza
655 _aPodręczniki dla szkół zawodowych
830 _aBiblioteka Logistyka
020 _a9788387344238
040 _cBPK
041 0 _apol
044 _aPOL
080 _a005.51(075.3-021.66)
920 _a9788387344238
942 _cKS
008 s pl f |000 0 pol
999 _c54835
_d54835
856 _uhttp://koha.tu.koszalin.pl/cgi-bin/koha/opac-detail.pl?biblionumber=54835
_yKatalog online BPK